书目信息 |
| 题名: |
中国现代文学批评史新编
|
|
| 作者: | 许道明 著 | |
| 分册: | ||
| 出版信息: | 上海 复旦大学出版社 2002 |
|
| 页数: | 452页 | |
| 开本: | 23cm | |
| 丛书名: | 复旦博学 | |
| 单 册: | ||
| 中图分类: | I206.09 | |
| 科图分类: | ||
| 主题词: | 文学批评史--中国--现代--高等教育 | |
| 电子资源: | ||
| ISBN: | 7-309-03417-1 | |
| 000 | 00902oam2 2200265 45 | |
| 001 | 002301470 | |
| 005 | 20051202102837.09 | |
| 010 | @a7-309-03417-1@dCNY38.00 | |
| 092 | @aCN | |
| 100 | @a20030214d2002 em y0chiy0110 ea | |
| 101 | 0 | @achi |
| 102 | @aCN@b310000 | |
| 105 | @ay z 000yy | |
| 200 | 1 | @a中国现代文学批评史新编@Azhong guo xian dai wen xue pi ping shi xin bian@f许道明著@FXu Dao Ming Zhu |
| 210 | @a上海@c复旦大学出版社@d2002 | |
| 215 | @a452页@d23cm | |
| 225 | 2 | @a复旦博学@i文学系列 |
| 300 | @a普通高等教育“十五”国家级规划教材 | |
| 330 | @a本书依照现代中国文学批评发展的本色脉络,描述了六十年的历史过程,对重要批评家及其论著予以全面的论评,阐释了各个时期的批评样貌和特征。 | |
| 410 | @12001 @a复旦博学@i文学系列 | |
| 606 | 0 | @a文学批评史@y中国@z现代@x高等教育 |
| 690 | @aI206.09@v4 | |
| 701 | 0 | @a许道明@4著 |
| 801 | 0 | @aCN@bNLC@c20051202 |
| 905 | @a10447@dI206.09@e18 | |
| 中国现代文学批评史新编/许道明著.-上海:复旦大学出版社,2002 |
| 452页;23cm.-(复旦博学.文学系列) |
| 普通高等教育“十五”国家级规划教材 |
| ISBN 7-309-03417-1:CNY38.00 |
| 本书依照现代中国文学批评发展的本色脉络,描述了六十年的历史过程,对重要批评家及其论著予以全面的论评,阐释了各个时期的批评样貌和特征。 |
| ● |
| 相关链接 |
|
|
|
|
正题名:中国现代文学批评史新编
索取号:I206.09/18
 
预约/预借
| 序号 | 登录号 | 条形码 | 馆藏地/架位号 | 状态 | 备注 |
| 1 | 0348317 | 203483177 | 第一样本阅览室/ [索取号:I206.09/18] | 在馆 | |
| 2 | 0348318 | 203483186 | 第二借阅区/ [索取号:I206.09/18] | 在馆 | |
| 3 | 0348319 | 203483195 | 第二借阅区/ [索取号:I206.09/18] | 在馆 | |
| 4 | 0348320 | 203483202 | 第二借阅区/ [索取号:I206.09/18] | 在馆 | |
| 5 | 0348321 | 203483211 | 第二借阅区/ [索取号:I206.09/18] | 在馆 | |
| 6 | 0369383 | 203693832 | 第二借阅区/ [索取号:I206.09/18] | 在馆 | |
| 7 | 0369384 | 203693841 | 第二借阅区/ [索取号:I206.09/18] | 在馆 | |
| 8 | 0369385 | 203693850 | 第二借阅区/ [索取号:I206.09/18] | 在馆 | |
| 9 | 0369937 | 203699373 | 第二借阅区/ [索取号:I206.09/18] | 在馆 | |
| 10 | 0369938 | 203699382 | 第二借阅区/ [索取号:I206.09/18] | 在馆 | |
| 11 | 0369939 | 203699391 | 第二借阅区/ [索取号:I206.09/18] | 在馆 | |
| 12 | 0369940 | 203699408 | 第二借阅区/ [索取号:I206.09/18] | 在馆 | |
| 13 | 0369941 | 203699417 | 第二借阅区/ [索取号:I206.09/18] | 在馆 |